| 000 | 00618nam a2200217 a 4500 | ||
|---|---|---|---|
| 001 | 000021504 | ||
| 003 | DO-SdBNP | ||
| 005 | 20250120084525.0 | ||
| 007 | ta | ||
| 008 | 100908s1962 dr 000 spa d | ||
| 040 |
_aDO-SdBNP _bspa _cBNPHU |
||
| 082 |
_axxxx _bA958c |
||
| 100 | 1 |
_aAvilés Blonda, Máximo, _d1931-1988 _97914 |
|
| 245 | 1 | 0 |
_aCentro del mundo. _cMáximo Avilés Blonda |
| 260 |
_aSanto Domindo :, _bCaribe _c1962. |
||
| 300 |
_a27 p. _c20 cm. |
||
| 590 | _aInventariado, 2022/ YL | ||
| 590 | _aDedicado por el autor a Federico Henríquez y Carvajal. | ||
| 910 | _aYLockward | ||
| 942 |
_2ddc _cLF2 |
||
| 999 |
_c21004 _d21004 |
||